000
00283nam a22001337a 4500
008
180306b xxu||||| |||| 00| 0 eng d
020
_a
9780073048628
041
_a
eng
080
_2
5th
_a
54
100
_a
11
101
_a
KIM
245
_a
Chemistry
_c
Silbergerg
942
_2
udc
_c
BK
999
_c
44098
_d
44098